000 01731nam a2200529 i 4500
001 34605
003 KOSZ 005
005 20220620105828.0
008 990930s1998 pl a |000 0 pol
015 _aUWD 1999/14578
020 _a8387270482
035 _a991011482359705066
035 _a(PL-WaBN)b13123488-48omnis_nlop
035 _ab13123488
035 _a(OCoLC)749363879
035 _azz2007868012
035 _a(PL)b0000001312348
035 _a(EXLNZ-48OMNIS_NETWORK)9910305680105606
040 _aWA N
_cWA N
_dKOSZ 005/HR
041 0 _apol
046 _k1998
080 _a658.56
080 _a006.3/.8
080 _a(07)
100 1 _aPłaska, Stanisław
_eAutor
245 1 0 _aSystemy zapewniania :
_bjakości formułowane przez normy ISO serii 9000 /
_cStanisław Płaska, Dorota Samociuk ; Politechnika Lubelska.
260 _aLublin :
_bWydawnictwa Uczelniane. PL,
_c1998.
300 _a137 s. :
_bwykr. ;
_c24 cm.
336 _aTekst
_btxt
_2rdacontent
337 _aBez urządzenia pośredniczącego
_bn
_2rdamedia
338 _aWolumin
_bnc
_2rdacarrier
380 _aKsiążki
388 _a1901-2000
388 _a1989-2000
504 _aBibliogr. przy rozdz.
650 7 _aJakość produktu
_2DBN
650 7 _aNormalizacja
650 7 _aNormy ISO 9000
_2DBN
650 7 _aPrzedsiębiorstwo
_2DBN
655 7 _aPodręcznik
_2DBN
658 _aZarządzanie i marketing
700 1 _aSamociuk, Dorota
_eAutor
710 2 _aPolitechnika Lubelska
856 _uhttp://koha.tu.koszalin.pl/cgi-bin/koha/opac-detail.pl?biblionumber=34605
_yKatalog online BPK
942 _2UKD
_cKS
999 _c34605
_d34605